000 00616nam a2200229Ia 4500
005 20260320201810.0
008 008 262003s9999 xx 000 0 eng d
037 _aEBOOK
040 _aCRL
040 _beng
040 _cCRL
041 _2eng
041 _aeng
084 _qCRL
100 _aIyengar
_9628317
245 0 _aBuild Your Own Web Framework in Elixir: Develop lightning-fast web applications using Phoenix and metaprogramming
260 _bIEEE
856 _uhttps://ieeexplore.ieee.org/servlet/opac?bknumber=10251375
942 _cEBOOK
999 _c1723599
_d1723599